[Event "7. Arber-Senioren-Cup 2019"]
[Site "Bodenmais"]
[Date "2019.07.27"]
[Round "1.12"]
[White "Kirschner, Torsten"]
[Black "Benischek, Wolfgang"]
[Result "1-0"]
[WhiteElo "1767"]
[BlackElo "2022"]
[Annotator "NA RC"]
[PlyCount "99"]
[EventDate "2019.07.27"]
[EventType "swiss"]
[EventCountry "GER"]
[SourceTitle "playchess.com"]
[Source "ChessBase"]
[SourceQuality "1"]
[TimeControl "5400+30"]

1. d4 {[%emt 0:00:00]} d5 {[%emt 0:00:00]} 2. c4 {[%emt 0:00:00]} e6 {[%emt 0:00:00]} 3. g3 {[%emt 0:00:00]} Nf6 {[%emt 0:00:00]} 4. Bg2 {[%emt 0:00:00]} b6 {[%emt 0:00:00]} 5. Nf3 {[%emt 0:00:00]} Nbd7 {[%emt 0:00:00]} 6. O-O {[%emt 0:00:00]} Bb7 {[%emt 0:00:00]} 7. Nc3 {[%emt 0:00:00]} Be7 {[%emt 0:00:00]} 8. Bf4 {[%emt 0:00:00]} Nh5 {[%emt 0:00:00]} 9. Bd2 {[%emt 0:00:00]} O-O {[%emt 0:00:00]} 10. cxd5 {[%emt 0:00:00]} exd5 {[%emt 0:00:00]} 11. Re1 {[%emt 0:00:00]} Nhf6 {[%emt 0:00:00]} 12. Qc2 {[%emt 0:00:00]} c5 {[%emt 0:00:00]} 13. Rad1 {[%emt 0:00:00]} Rc8 {[%emt 0:00:00]} 14. Qf5 {[%emt 0:00:00]} g6 {[%emt 0:00:00]} 15. Qb1 {[%emt 0:00:00]} Re8 {[%emt 0:00:00]} 16. Bf4 {[%emt 0:00:00]} Nh5 {[%emt 0:00:00]} 17. Bh6 {[%emt 0:10:54]} Bf6 {[%emt 0:03:50]} 18. g4 {[%emt 0:07:43]} Bg7 {[%emt 0:09:21]} 19. Bxg7 {[%emt 0:07:38]} Nxg7 {[%emt 0:01:07]} 20. dxc5 {[%emt 0:01:23]} Nxc5 {[%emt 0:00:33]} 21. Nb5 {[%emt 0:03:03]} Qd7 {[%emt 0:01:32]} 22. Nc3 {[%emt 0:04:46]} Qxg4 {[%emt 0:02:55]} 23. Nxd5 {[%emt 0:01:16]} Bxd5 {[%emt 0:07:47]} 24. Rxd5 {[%emt 0:00:17]} Nce6 {[%emt 0:03:18]} 25. Ne5 {[%emt 0:08:34]} Qh4 {[%emt 0:07:36]} 26. Nf3 {[%emt 0:08:03]} Qc4 {[%emt 0:03:50]} 27. Ne5 {[%emt 0:01:06]} Qc2 {[%emt 0:02:59]} 28. e3 {[%emt 0:03:31]} Nh5 29. Rd7 {[%emt 0:00:45]} Qxb1 {[%emt 0:06:18]} 30. Rxb1 {[%emt 0:00:25]} Nc5 {[%emt 0:00:22]} 31. Rxf7 {[%emt 0:08:39]} Rxe5 {[%emt 0:00:45]} 32. Rxa7 {[%emt 0:00:28]} Nd3 {[%emt 0:03:21]} 33. Rd7 {[%emt 0:00:55]} Rc1+ 34. Rxc1 {[%emt 0:00:39]} Nxc1 {[%emt 0:02:15]} 35. b4 {[%emt 0:01:56]} Ne2+ {[%emt 0:02:52]} 36. Kf1 {[%emt 0:00:16]} Nc3 {[%emt 0:00:22]} 37. Rd3 {[%emt 0:00:50]} Na4 {[%emt 0:02:24]} 38. Bd5+ {[%emt 0:00:48]} Kg7 {[%emt 0:00:27]} 39. Bb3 {[%emt 0:00:19]} b5 {[%emt 0:00:35]} 40. Rd7+ {[%emt 0:00:36]} Kh6 {[%emt 0:01:03]} 41. Ke2 {[%emt 0:00:18]} Nf6 {[%emt 0:02:26]} 42. Rb7 {[%emt 0:01:16]} Nd5 {[%emt 0:05:20]} 43. Kd2 {[%emt 0:02:08]} Nf6 {[%emt 0:07:54]} 44. h3 {[%emt 0:02:42]} Ne4+ {[%emt 0:02:43]} 45. Ke2 {[%emt 0:01:44]} Rf5 {[%emt 0:02:09]} 46. f4 {[%emt 0:01:41]} g5 {[%emt 0:04:37]} 47. Bc2 {[%emt 0:01:04]} Nac3+ {[%emt 0:02:47]} 48. Kf3 {[%emt 0:01:03]} Nd2+ {[%emt 0:00:07]} 49. Kg4 {[%emt 0:00:29]} Nde4 {[%emt 0:02:29]} 50. Rb6+ {[%emt 0:03:39]} 1-0

[Event "7. Arber-Senioren-Cup 2019"]
[Site "Bodenmais"]
[Date "2019.07.27"]
[Round "1.13"]
[White "Greul, Hans"]
[Black "Riha, Peter"]
[Result "1/2-1/2"]
[WhiteElo "2009"]
[BlackElo "1720"]
[Annotator "NA RC"]
[PlyCount "172"]
[EventDate "2019.07.27"]
[EventType "swiss"]
[EventCountry "GER"]
[SourceTitle "playchess.com"]
[Source "ChessBase"]
[SourceQuality "1"]
[TimeControl "5400+30"]

1. d4 {[%emt 0:00:00]} Nf6 {[%emt 0:00:00]} 2. Nf3 {[%emt 0:00:00]} b6 {[%emt 0:00:00]} 3. e3 {[%emt 0:00:00]} Bb7 {[%emt 0:00:00]} 4. Be2 {[%emt 0:00:00]} e6 {[%emt 0:00:00]} 5. O-O {[%emt 0:00:00]} c5 {[%emt 0:00:00]} 6. c4 {[%emt 0:00:00]} Be7 {[%emt 0:00:00]} 7. Nc3 {[%emt 0:00:00]} Ne4 {[%emt 0:00:00]} 8. Nxe4 {[%emt 0:00:00]} Bxe4 {[%emt 0:00:00]} 9. b3 {[%emt 0:00:00]} O-O {[%emt 0:00:00]} 10. Bb2 {[%emt 0:00:00]} Bf6 {[%emt 0:00:00]} 11. Qd2 {[%emt 0:00:00]} d6 {[%emt 0:00:00]} 12. Rfd1 {[%emt 0:00:00]} Qe7 {[%emt 0:00:00]} 13. Ne1 {[%emt 0:00:00]} Bb7 {[%emt 0:00:44]} 14. Rab1 {[%emt 0:00:00]} Rd8 {[%emt 0:04:43]} 15. dxc5 {[%emt 0:00:00]} bxc5 {[%emt 0:01:12]} 16. b4 {[%emt 0:00:00]} Bxb2 {[%emt 0:03:50]} 17. Rxb2 {[%emt 0:00:00]} Na6 {[%emt 0:02:34]} 18. b5 {[%emt 0:00:00]} Nc7 {[%emt 0:00:13]} 19. b6 {[%emt 0:06:45]} axb6 {[%emt 0:08:54]} 20. Rxb6 {[%emt 0:00:13]} Ne8 {[%emt 0:00:21]} 21. Rdb1 {[%emt 0:04:47]} Be4 {[%emt 0:04:14]} 22. R1b2 {[%emt 0:02:48]} Qc7 {[%emt 0:04:13]} 23. R6b3 {[%emt 0:05:29]} Rdb8 {[%emt 0:02:56]} 24. Rxb8 {[%emt 0:05:12]} Rxb8 {[%emt 0:00:07]} 25. Rxb8 {[%emt 0:00:07]} Qxb8 26. a4 Kf8 {[%emt 0:06:50]} 27. f3 {[%emt 0:05:34]} Bc6 {[%emt 0:03:21]} 28. Bd1 {[%emt 0:01:28]} Qa7 {[%emt 0:04:04]} 29. Qc2 {[%emt 0:03:28]} g6 {[%emt 0:03:53]} 30. Nd3 {[%emt 0:02:22]} Ke7 {[%emt 0:04:57]} 31. h4 {[%emt 0:03:25]} Nc7 {[%emt 0:01:56]} 32. Qc3 {[%emt 0:03:40]} Qb8 {[%emt 0:04:18]} 33. Bc2 {[%emt 0:01:55]} Na6 {[%emt 0:02:50]} 34. h5 {[%emt 0:05:46]} Nb4 {[%emt 0:01:04]} 35. hxg6 {[%emt 0:01:24]} hxg6 {[%emt 0:00:12]} 36. Nxb4 {[%emt 0:06:52]} Qxb4 {[%emt 0:00:23]} 37. Qxb4 {[%emt 0:02:02]} cxb4 {[%emt 0:00:07]} 38. Kf2 {[%emt 0:00:08]} Kd7 {[%emt 0:00:14]} 39. Ke2 {[%emt 0:03:27]} Kc7 {[%emt 0:00:13]} 40. a5 {[%emt 0:01:56]} Kb7 41. Bd3 Ka6 {[%emt 0:06:21]} 42. c5+ {[%emt 0:00:33]} Kxa5 {[%emt 0:00:12]} 43. cxd6 {[%emt 0:00:17]} Kb6 {[%emt 0:01:21]} 44. e4 {[%emt 0:01:34]} e5 {[%emt 0:01:21]} 45. Bc4 {[%emt 0:02:08]} Be8 {[%emt 0:05:28]} 46. Bb3 {[%emt 0:02:36]} Kc5 {[%emt 0:02:14]} 47. Bxf7 {[%emt 0:01:42]} Bb5+ {[%emt 0:00:44]} 48. Kd2 {[%emt 0:04:23]} g5 {[%emt 0:00:49]} 49. Kc2 {[%emt 0:02:03]} Kxd6 50. Kd2 {[%emt 0:03:28]} Kc5 {[%emt 0:03:35]} 51. g3 {[%emt 0:00:25]} Bc4 {[%emt 0:01:10]} 52. Be8 {[%emt 0:01:50]} Kd4 {[%emt 0:00:56]} 53. Ba4 {[%emt 0:00:36]} Ba2 {[%emt 0:01:56]} 54. Kc2 {[%emt 0:01:40]} Ke3 {[%emt 0:00:53]} 55. Kb2 {[%emt 0:00:08]} b3 {[%emt 0:00:48]} 56. f4 {[%emt 0:01:16]} Kxe4 {[%emt 0:02:07]} 57. Bc6+ {[%emt 0:01:46]} Kf5 {[%emt 0:00:54]} 58. Bd7+ {[%emt 0:00:17]} Kf6 {[%emt 0:00:41]} 59. f5 {[%emt 0:04:09]} g4 {[%emt 0:00:45]} 60. Be6 {[%emt 0:00:52]} e4 {[%emt 0:01:01]} 61. Kc3 {[%emt 0:01:48]} Ke5 {[%emt 0:03:42]} 62. Kd2 {[%emt 0:01:03]} Kf6 {[%emt 0:01:32]} 63. Ke3 {[%emt 0:00:19]} Kg5 64. Kd4 {[%emt 0:01:08]} Bb1 {[%emt 0:02:23]} 65. Bxb3 {[%emt 0:00:25]} Kxf5 {[%emt 0:00:10]} 66. Ba4 {[%emt 0:00:44]} Bd3 {[%emt 0:02:12]} 67. Bd7+ {[%emt 0:00:25]} Kg5 68. Ke3 {[%emt 0:00:14]} Bb1 {[%emt 0:00:57]} 69. Bb5 {[%emt 0:01:12]} Bc2 {[%emt 0:00:54]} 70. Be2 {[%emt 0:00:14]} Bb1 {[%emt 0:00:38]} 71. Kd2 {[%emt 0:00:25]} Kf5 {[%emt 0:01:02]} 72. Bc4 {[%emt 0:00:59]} Kg5 {[%emt 0:00:43]} 73. Kc1 {[%emt 0:01:20]} Bd3 {[%emt 0:00:29]} 74. Bxd3 {[%emt 0:00:07]} exd3 {[%emt 0:00:05]} 75. Kd2 {[%emt 0:00:02]} Kf5 {[%emt 0:02:09]} 76. Kxd3 {[%emt 0:00:04]} Ke5 {[%emt 0:00:15]} 77. Ke3 {[%emt 0:00:06]} Kf5 {[%emt 0:00:23]} 78. Kd4 {[%emt 0:00:05]} Kg5 {[%emt 0:01:02]} 79. Ke5 {[%emt 0:00:00]} Kh5 {[%emt 0:01:37]} 80. Kf5 {[%emt 0:00:00]} Kh6 {[%emt 0:00:14]} 81. Kxg4 {[%emt 0:00:00]} Kg6 82. Kf4 {[%emt 0:00:13]} Kf6 {[%emt 0:00:14]} 83. g4 {[%emt 0:00:22]} Kg7 {[%emt 0:00:00]} 84. g5 {[%emt 0:00:00]} Kf7 {[%emt 0:00:30]} 85. Kf5 {[%emt 0:00:45]} Kg7 {[%emt 0:00:00]} 86. g6 Kg8 {[%emt 0:00:00]} 1/2-1/2

[Event "7. Arber-Senioren-Cup 2019"]
[Site "Bodenmais"]
[Date "2019.07.27"]
[Round "1.14"]
[White "Wacker, Manfred"]
[Black "Hamlack, Heinz"]
[Result "0-1"]
[WhiteElo "1741"]
[BlackElo "1986"]
[Annotator "NA RC"]
[PlyCount "88"]
[EventDate "2019.07.27"]
[EventType "swiss"]
[EventCountry "GER"]
[SourceTitle "playchess.com"]
[Source "ChessBase"]
[SourceQuality "1"]
[TimeControl "5400+30"]

1. d4 {[%emt 0:00:00]} c5 {[%emt 0:00:00]} 2. d5 {[%emt 0:00:00]} e5 {[%emt 0:00:00]} 3. e4 {[%emt 0:00:00]} d6 {[%emt 0:00:00]} 4. c4 {[%emt 0:00:00]} Be7 {[%emt 0:00:00]} 5. Bd3 {[%emt 0:00:00]} Bg5 {[%emt 0:00:00]} 6. Nf3 {[%emt 0:00:00]} Bxc1 {[%emt 0:00:00]} 7. Qxc1 {[%emt 0:00:00]} Ne7 {[%emt 0:00:00]} 8. Qg5 {[%emt 0:00:00]} Ng6 {[%emt 0:00:00]} 9. Qxd8+ {[%emt 0:00:00]} Kxd8 {[%emt 0:00:00]} 10. g3 {[%emt 0:00:00]} Ke7 {[%emt 0:00:00]} 11. Nbd2 {[%emt 0:00:00]} a6 {[%emt 0:00:00]} 12. a4 {[%emt 0:00:00]} a5 {[%emt 0:00:00]} 13. O-O-O {[%emt 0:00:00]} Na6 {[%emt 0:00:00]} 14. Rde1 {[%emt 0:00:00]} Nb4 {[%emt 0:00:00]} 15. Bb1 {[%emt 0:00:00]} Bd7 {[%emt 0:00:00]} 16. b3 {[%emt 0:00:00]} Raf8 {[%emt 0:00:00]} 17. h4 {[%emt 0:02:03]} Kd8 {[%emt 0:00:00]} 18. Re3 {[%emt 0:03:10]} Ne7 {[%emt 0:00:00]} 19. Rh2 {[%emt 0:10:33]} h6 {[%emt 0:00:00]} 20. Ne1 {[%emt 0:02:01]} f5 {[%emt 0:00:00]} 21. exf5 {[%emt 0:03:42]} Nxf5 {[%emt 0:00:00]} 22. Bxf5 {[%emt 0:00:35]} Bxf5 {[%emt 0:00:00]} 23. Ne4 {[%emt 0:01:21]} Kd7 {[%emt 0:00:00]} 24. Kd2 {[%emt 0:01:48]} Rf7 {[%emt 0:00:00]} 25. Nd3 {[%emt 0:03:34]} Nxd3 {[%emt 0:00:00]} 26. Kxd3 {[%emt 0:03:20]} Rhf8 {[%emt 0:00:00]} 27. Ke2 Bg4+ {[%emt 0:00:00]} 28. Kd2 {[%emt 0:11:41]} Rf3 {[%emt 0:00:00]} 29. Rc3 {[%emt 0:06:15]} Ke7 {[%emt 0:00:00]} 30. Ke1 {[%emt 0:04:02]} Rxc3 {[%emt 0:00:00]} 31. Nxc3 {[%emt 0:00:22]} Rf3 {[%emt 0:00:00]} 32. Kd2 {[%emt 0:00:28]} Bf5 {[%emt 0:00:00]} 33. g4 {[%emt 0:03:17]} Rd3+ {[%emt 0:00:00]} 34. Ke2 {[%emt 0:00:55]} Bg6 {[%emt 0:00:00]} 35. h5 {[%emt 0:01:18]} Rxc3 {[%emt 0:00:00]} 36. hxg6 {[%emt 0:00:26]} Rxb3 {[%emt 0:00:00]} 37. Rh5 {[%emt 0:00:30]} Kf6 {[%emt 0:00:00]} 38. f4 {[%emt 0:02:42]} exf4 {[%emt 0:00:56]} 39. Rf5+ {[%emt 0:00:55]} Kxg6 {[%emt 0:00:07]} 40. Rxf4 {[%emt 0:00:23]} h5 {[%emt 0:06:30]} 41. gxh5+ {[%emt 0:02:10]} Kxh5 {[%emt 0:00:13]} 42. Rf7 {[%emt 0:01:42]} g5 {[%emt 0:01:00]} 43. Rf3 {[%emt 0:00:31]} Rxf3 {[%emt 0:01:24]} 44. Kxf3 {[%emt 0:00:09]} Kh4 {[%emt 0:00:02]} 0-1

[Event "7. Arber-Senioren-Cup 2019"]
[Site "Bodenmais"]
[Date "2019.07.27"]
[Round "1.15"]
[White "Godoj, Veit"]
[Black "Moser, Andreas"]
[Result "1-0"]
[WhiteElo "1995"]
[BlackElo "1693"]
[Annotator "NA RC"]
[PlyCount "129"]
[EventDate "2019.07.27"]
[EventType "swiss"]
[EventCountry "GER"]
[SourceTitle "playchess.com"]
[Source "ChessBase"]
[SourceQuality "1"]
[TimeControl "5400+30"]

1. d4 {[%emt 0:00:00]} Nf6 {[%emt 0:00:00]} 2. Nc3 {[%emt 0:00:00]} g6 {[%emt 0:00:00]} 3. e4 {[%emt 0:00:00]} d6 {[%emt 0:00:00]} 4. Be2 {[%emt 0:00:00]} Bg7 {[%emt 0:00:00]} 5. g4 {[%emt 0:00:00]} h6 {[%emt 0:00:00]} 6. Be3 {[%emt 0:00:00]} c6 {[%emt 0:00:00]} 7. h3 {[%emt 0:00:00]} Qa5 {[%emt 0:00:00]} 8. Qd2 {[%emt 0:00:00]} b5 {[%emt 0:00:00]} 9. Bf3 {[%emt 0:00:00]} Bb7 {[%emt 0:00:00]} 10. Nge2 {[%emt 0:00:00]} b4 {[%emt 0:00:00]} 11. Nd1 {[%emt 0:00:00]} c5 {[%emt 0:00:00]} 12. d5 {[%emt 0:00:00]} Nbd7 {[%emt 0:00:00]} 13. Bg2 {[%emt 0:00:01]} Ne5 {[%emt 0:00:00]} 14. O-O {[%emt 0:15:17]} Nc4 {[%emt 0:00:00]} 15. Qc1 {[%emt 0:00:09]} Nxe3 {[%emt 0:00:00]} 16. Nxe3 {[%emt 0:00:31]} Ba6 {[%emt 0:00:00]} 17. Re1 {[%emt 0:02:51]} Bxe2 {[%emt 0:00:00]} 18. Rxe2 {[%emt 0:00:11]} Nd7 {[%emt 0:01:01]} 19. f4 {[%emt 0:08:55]} Rb8 {[%emt 0:05:51]} 20. Bf1 {[%emt 0:04:14]} O-O {[%emt 0:05:59]} 21. Nc4 {[%emt 0:00:33]} Qc7 {[%emt 0:01:26]} 22. Kh1 {[%emt 0:07:10]} a5 {[%emt 0:06:59]} 23. Rb1 {[%emt 0:10:55]} Ra8 {[%emt 0:04:59]} 24. Qe3 {[%emt 0:02:54]} Nb6 {[%emt 0:03:14]} 25. Rg2 {[%emt 0:01:36]} Nxc4 {[%emt 0:04:27]} 26. Bxc4 {[%emt 0:00:06]} f6 {[%emt 0:05:45]} 27. h4 {[%emt 0:07:08]} Kh8 {[%emt 0:14:53]} 28. Qd3 {[%emt 0:07:43]} Qc8 {[%emt 0:05:01]} 29. f5 {[%emt 0:00:59]} g5 {[%emt 0:01:30]} 30. Rh2 {[%emt 0:00:38]} a4 {[%emt 0:07:23]} 31. Kg2 {[%emt 0:05:44]} b3 {[%emt 0:01:38]} 32. cxb3 {[%emt 0:02:14]} a3 {[%emt 0:01:26]} 33. bxa3 {[%emt 0:00:17]} Rxa3 {[%emt 0:00:02]} 34. Qd2 {[%emt 0:01:57]} Qa8 {[%emt 0:00:34]} 35. Rb2 {[%emt 0:02:05]} Qa5 {[%emt 0:03:35]} 36. Qxa5 {[%emt 0:01:39]} Rxa5 {[%emt 0:00:02]} 37. a4 {[%emt 0:00:13]} Rb8 {[%emt 0:00:49]} 38. Kf3 {[%emt 0:00:57]} Ra7 {[%emt 0:03:04]} 39. Bb5 {[%emt 0:03:22]} Kh7 {[%emt 0:02:55]} 40. Ke3 {[%emt 0:01:15]} Kg8 {[%emt 0:01:55]} 41. Kd3 {[%emt 0:00:10]} Kf8 {[%emt 0:00:30]} 42. Kc4 {[%emt 0:00:25]} Kf7 43. Ra2 Rh8 {[%emt 0:02:18]} 44. h5 {[%emt 0:03:12]} Rc8 {[%emt 0:03:01]} 45. Rhc2 {[%emt 0:00:40]} Ra5 {[%emt 0:02:13]} 46. b4 {[%emt 0:00:46]} Ra7 {[%emt 0:00:59]} 47. bxc5 {[%emt 0:00:17]} Rcc7 {[%emt 0:04:15]} 48. Kb4 {[%emt 0:01:10]} Bf8 {[%emt 0:00:17]} 49. cxd6 {[%emt 0:00:44]} exd6 {[%emt 0:00:09]} 50. Rc6 {[%emt 0:02:00]} Be7 {[%emt 0:00:52]} 51. Rac2 {[%emt 0:00:13]} Bd8 {[%emt 0:00:28]} 52. R2c4 {[%emt 0:02:08]} Ke7 {[%emt 0:01:25]} 53. Rxc7+ {[%emt 0:07:58]} Bxc7 {[%emt 0:01:10]} 54. Bc6 {[%emt 0:01:00]} Bb6 {[%emt 0:01:09]} 55. Rc2 {[%emt 0:00:35]} Bc5+ {[%emt 0:01:23]} 56. Rxc5 {[%emt 0:01:12]} dxc5+ {[%emt 0:00:04]} 57. Kxc5 {[%emt 0:00:05]} Kd8 {[%emt 0:05:02]} 58. Kd6 {[%emt 0:00:08]} Re7 {[%emt 0:00:23]} 59. a5 {[%emt 0:00:48]} Rxe4 {[%emt 0:00:08]} 60. a6 {[%emt 0:00:01]} Re7 {[%emt 0:00:10]} 61. Bb7 {[%emt 0:00:57]} Rd7+ {[%emt 0:02:00]} 62. Kc6 {[%emt 0:00:25]} Rc7+ {[%emt 0:03:07]} 63. Kb6 {[%emt 0:00:01]} Rc1 {[%emt 0:01:30]} 64. a7 {[%emt 0:00:04]} Rb1+ {[%emt 0:00:16]} 65. Kc6 {[%emt 0:00:05]} 1-0

[Event "7. Arber-Senioren-Cup 2019"]
[Site "Bodenmais"]
[Date "2019.07.27"]
[Round "1.16"]
[White "Loibl, Johann"]
[Black "Kurka, Dieter"]
[Result "0-1"]
[WhiteElo "1760"]
[BlackElo "2006"]
[Annotator "NA RC"]
[PlyCount "57"]
[EventDate "2019.07.27"]
[EventType "swiss"]
[EventCountry "GER"]
[SourceTitle "playchess.com"]
[Source "ChessBase"]
[SourceQuality "1"]
[TimeControl "5400+30"]

1. e4 {[%emt 0:00:00]} c5 {[%emt 0:00:00]} 2. b4 {[%emt 0:00:00]} cxb4 {[%emt 0:00:00]} 3. a3 {[%emt 0:00:00]} e6 {[%emt 0:00:00]} 4. axb4 {[%emt 0:00:00]} Bxb4 {[%emt 0:00:00]} 5. c3 {[%emt 0:00:00]} Be7 {[%emt 0:00:00]} 6. d4 {[%emt 0:00:00]} d6 {[%emt 0:00:00]} 7. Nf3 {[%emt 0:00:00]} Nd7 {[%emt 0:00:00]} 8. Bb5 {[%emt 0:00:00]} Ngf6 {[%emt 0:00:00]} 9. Nbd2 {[%emt 0:00:00]} O-O {[%emt 0:00:00]} 10. O-O {[%emt 0:00:00]} a6 {[%emt 0:00:00]} 11. Qc2 {[%emt 0:00:00]} Rb8 {[%emt 0:00:00]} 12. Bd3 {[%emt 0:00:00]} e5 {[%emt 0:00:00]} 13. Nc4 {[%emt 0:00:00]} b5 {[%emt 0:00:00]} 14. Ne3 {[%emt 0:06:12]} g6 {[%emt 0:00:00]} 15. Ba3 {[%emt 0:12:35]} Re8 {[%emt 0:00:00]} 16. Rfb1 {[%emt 0:02:53]} Bb7 {[%emt 0:04:10]} 17. Ng5 {[%emt 0:14:33]} d5 {[%emt 0:09:18]} 18. exd5 {[%emt 0:12:03]} Nxd5 {[%emt 0:02:35]} 19. Nh3 {[%emt 0:21:09]} N7b6 {[%emt 0:19:22]} 20. Qd2 {[%emt 0:06:44]} Bf6 {[%emt 0:10:56]} 21. Bb4 {[%emt 0:05:18]} Nxc3 {[%emt 0:02:58]} 22. Bxc3 {[%emt 0:03:07]} exd4 {[%emt 0:00:43]} 23. Ng4 {[%emt 0:02:05]} dxc3 {[%emt 0:01:08]} 24. Qc2 {[%emt 0:02:03]} Bg7 {[%emt 0:00:45]} 25. f4 {[%emt 0:03:44]} Qd4+ {[%emt 0:03:20]} 26. Kh1 {[%emt 0:00:12]} Nd5 27. f5 {[%emt 0:01:23]} Qxg4 {[%emt 0:01:35]} 28. fxg6 {[%emt 0:01:07]} hxg6 {[%emt 0:00:18]} 29. Rf1 0-1

[Event "7. Arber-Senioren-Cup 2019"]
[Site "Bodenmais"]
[Date "2019.07.27"]
[Round "1.17"]
[White "Puehn, Georg"]
[Black "Otto, Klaus"]
[Result "1-0"]
[WhiteElo "1990"]
[BlackElo "1725"]
[Annotator "NA RC"]
[PlyCount "91"]
[EventDate "2019.07.27"]
[EventType "swiss"]
[EventCountry "GER"]
[SourceTitle "playchess.com"]
[Source "ChessBase"]
[SourceQuality "1"]
[TimeControl "5400+30"]

1. e4 {[%emt 0:00:00]} e6 {[%emt 0:00:00]} 2. d3 {[%emt 0:00:00]} Nf6 {[%emt 0:00:00]} 3. Nf3 {[%emt 0:00:00]} d5 {[%emt 0:00:00]} 4. Nbd2 {[%emt 0:00:00]} c5 {[%emt 0:00:00]} 5. g3 {[%emt 0:00:00]} Nc6 {[%emt 0:00:00]} 6. Bg2 {[%emt 0:00:00]} Be7 {[%emt 0:00:00]} 7. O-O {[%emt 0:00:00]} dxe4 {[%emt 0:00:00]} 8. dxe4 {[%emt 0:00:00]} O-O {[%emt 0:00:00]} 9. c3 {[%emt 0:00:00]} Nd7 {[%emt 0:00:00]} 10. Re1 {[%emt 0:00:00]} Nde5 {[%emt 0:00:00]} 11. Qe2 {[%emt 0:00:00]} Nd3 {[%emt 0:00:00]} 12. Rd1 {[%emt 0:00:00]} Nxc1 {[%emt 0:00:00]} 13. Raxc1 {[%emt 0:00:00]} Qc7 {[%emt 0:00:00]} 14. e5 {[%emt 0:00:00]} Rd8 {[%emt 0:00:00]} 15. Nc4 {[%emt 0:00:00]} b6 {[%emt 0:00:00]} 16. Rxd8+ {[%emt 0:00:00]} Bxd8 {[%emt 0:00:00]} 17. Nd6 {[%emt 0:00:00]} Rb8 {[%emt 0:00:00]} 18. Nxc8 {[%emt 0:00:00]} Rxc8 {[%emt 0:00:00]} 19. Re1 {[%emt 0:00:00]} Be7 {[%emt 0:00:00]} 20. Nd2 {[%emt 0:03:51]} Rd8 {[%emt 0:02:48]} 21. f4 {[%emt 0:05:39]} Qd7 {[%emt 0:04:47]} 22. Ne4 {[%emt 0:03:49]} Nb8 {[%emt 0:12:28]} 23. Qg4 {[%emt 0:03:30]} Kh8 {[%emt 0:05:10]} 24. h4 {[%emt 0:04:30]} Qe8 {[%emt 0:04:44]} 25. Rd1 {[%emt 0:10:51]} Rxd1+ {[%emt 0:01:18]} 26. Qxd1 {[%emt 0:00:05]} Qd8 {[%emt 0:00:26]} 27. Qxd8+ {[%emt 0:10:38]} Bxd8 {[%emt 0:00:12]} 28. Nd6 {[%emt 0:00:38]} Kg8 {[%emt 0:00:18]} 29. Kf2 {[%emt 0:02:33]} Kf8 {[%emt 0:00:17]} 30. Be4 {[%emt 0:01:18]} h6 {[%emt 0:02:05]} 31. Bb7 {[%emt 0:10:45]} Bc7 {[%emt 0:01:50]} 32. Nb5 {[%emt 0:00:31]} Bd8 {[%emt 0:01:51]} 33. Nxa7 {[%emt 0:00:10]} Ke7 {[%emt 0:00:35]} 34. Nc6+ {[%emt 0:04:01]} Nxc6 {[%emt 0:00:21]} 35. Bxc6 {[%emt 0:00:03]} f6 {[%emt 0:02:00]} 36. Kf3 {[%emt 0:01:36]} Bc7 {[%emt 0:05:16]} 37. Ke4 {[%emt 0:00:32]} f5+ {[%emt 0:00:46]} 38. Kf3 {[%emt 0:01:14]} Kf7 {[%emt 0:01:16]} 39. h5 {[%emt 0:00:32]} Ke7 {[%emt 0:02:00]} 40. Ke3 {[%emt 0:03:52]} Kd8 {[%emt 0:01:58]} 41. Kd3 {[%emt 0:02:48]} Kc8 {[%emt 0:00:18]} 42. Kc4 {[%emt 0:00:26]} Bd8 {[%emt 0:00:27]} 43. Kb5 {[%emt 0:02:09]} Kc7 {[%emt 0:01:12]} 44. a4 {[%emt 0:02:31]} Be7 {[%emt 0:03:06]} 45. Bg2 {[%emt 0:04:21]} Bf8 {[%emt 0:01:46]} 46. Bf1 {[%emt 0:00:29]} 1-0

[Event "7. Arber-Senioren-Cup 2019"]
[Site "Bodenmais"]
[Date "2019.07.27"]
[Round "1.18"]
[White "Trinkl, Andreas"]
[Black "Nickl, Klaus"]
[Result "0-1"]
[WhiteElo "1620"]
[BlackElo "1988"]
[Annotator "NA RC"]
[PlyCount "118"]
[EventDate "2019.07.27"]
[EventType "swiss"]
[EventCountry "GER"]
[SourceTitle "playchess.com"]
[Source "ChessBase"]
[SourceQuality "1"]
[TimeControl "5400+30"]

1. e4 {[%emt 0:00:00]} e6 {[%emt 0:00:00]} 2. d4 {[%emt 0:00:00]} d5 {[%emt 0:00:00]} 3. Nd2 {[%emt 0:00:00]} dxe4 {[%emt 0:00:00]} 4. Nxe4 {[%emt 0:00:00]} Nd7 {[%emt 0:00:00]} 5. Nf3 {[%emt 0:00:00]} Ngf6 {[%emt 0:00:00]} 6. Ng3 {[%emt 0:00:00]} c5 {[%emt 0:00:00]} 7. c3 {[%emt 0:00:00]} cxd4 {[%emt 0:00:00]} 8. cxd4 {[%emt 0:00:00]} Bb4+ {[%emt 0:00:00]} 9. Bd2 {[%emt 0:00:00]} Qa5 {[%emt 0:00:00]} 10. Bd3 {[%emt 0:00:00]} Bxd2+ {[%emt 0:00:00]} 11. Qxd2 {[%emt 0:00:00]} Qxd2+ {[%emt 0:00:00]} 12. Nxd2 {[%emt 0:00:00]} b6 {[%emt 0:00:00]} 13. Nge4 {[%emt 0:00:00]} Ke7 {[%emt 0:00:00]} 14. O-O {[%emt 0:00:00]} Bb7 {[%emt 0:00:00]} 15. f3 {[%emt 0:00:00]} Rac8 {[%emt 0:00:00]} 16. Rac1 {[%emt 0:00:00]} Nd5 {[%emt 0:00:00]} 17. Rfe1 {[%emt 0:15:35]} Nf4 {[%emt 0:00:00]} 18. Bf1 {[%emt 0:01:18]} f5 {[%emt 0:00:00]} 19. Nc3 {[%emt 0:04:52]} Nf6 {[%emt 0:00:00]} 20. g3 {[%emt 0:08:14]} N4d5 {[%emt 0:00:00]} 21. Nxd5+ {[%emt 0:01:15]} Nxd5 {[%emt 0:00:00]} 22. a3 {[%emt 0:04:33]} g5 {[%emt 0:00:00]} 23. Bd3 {[%emt 0:05:37]} Rxc1 {[%emt 0:00:00]} 24. Rxc1 {[%emt 0:00:02]} Rc8 {[%emt 0:00:00]} 25. Rxc8 {[%emt 0:03:58]} Bxc8 {[%emt 0:00:00]} 26. Kf2 {[%emt 0:00:38]} Nc7 {[%emt 0:01:08]} 27. Ke3 {[%emt 0:06:06]} Bb7 {[%emt 0:04:04]} 28. Nb1 {[%emt 0:04:23]} Nd5+ {[%emt 0:04:11]} 29. Kf2 {[%emt 0:02:04]} h6 {[%emt 0:01:59]} 30. Nd2 {[%emt 0:05:31]} Nf6 {[%emt 0:03:53]} 31. Ke3 {[%emt 0:10:28]} f4+ {[%emt 0:02:57]} 32. Kf2 {[%emt 0:01:51]} Nd5 {[%emt 0:08:20]} 33. Nf1 {[%emt 0:01:48]} Kf6 {[%emt 0:04:01]} 34. g4 {[%emt 0:03:50]} e5 {[%emt 0:03:07]} 35. dxe5+ {[%emt 0:01:31]} Kxe5 {[%emt 0:00:03]} 36. Ke2 {[%emt 0:01:00]} Kd4 {[%emt 0:02:49]} 37. Nd2 {[%emt 0:01:33]} Ne3 {[%emt 0:01:37]} 38. Nb3+ {[%emt 0:01:17]} Ke5 {[%emt 0:00:26]} 39. Nd2 {[%emt 0:00:28]} Bd5 {[%emt 0:00:54]} 40. Be4 {[%emt 0:05:15]} Bxe4 {[%emt 0:02:27]} 41. Nxe4 {[%emt 0:03:05]} Nc4 {[%emt 0:00:13]} 42. b3 {[%emt 0:08:09]} Nxa3 {[%emt 0:00:15]} 43. Nc3 {[%emt 0:00:50]} Nc2 {[%emt 0:00:51]} 44. Kf2 {[%emt 0:02:49]} a5 {[%emt 0:03:16]} 45. Na4 {[%emt 0:02:02]} b5 {[%emt 0:00:01]} 46. Nc3 {[%emt 0:00:11]} Nd4 {[%emt 0:00:01]} 47. h4 {[%emt 0:01:34]} b4 {[%emt 0:00:02]} 48. Ne4 {[%emt 0:00:38]} Nxb3 {[%emt 0:00:05]} 49. hxg5 {[%emt 0:00:33]} hxg5 {[%emt 0:00:02]} 50. Nxg5 {[%emt 0:00:35]} Nc5 {[%emt 0:00:02]} 51. Ke2 {[%emt 0:00:59]} b3 {[%emt 0:00:01]} 52. Kd2 {[%emt 0:00:20]} a4 {[%emt 0:00:05]} 53. Kc3 {[%emt 0:00:38]} a3 {[%emt 0:00:02]} 54. Nf7+ {[%emt 0:00:43]} Ke6 {[%emt 0:00:10]} 55. Ng5+ {[%emt 0:00:02]} Kf6 {[%emt 0:00:14]} 56. Ne4+ {[%emt 0:00:05]} Nxe4+ {[%emt 0:00:04]} 57. Kxb3 {[%emt 0:00:06]} Nd2+ {[%emt 0:00:12]} 58. Kxa3 {[%emt 0:00:03]} Nxf3 {[%emt 0:00:05]} 59. Kb2 {[%emt 0:00:13]} Kg5 {[%emt 0:00:01]} 0-1